[Event "CZE-ch Amateurs"]
[Site "Hluk"]
[Date "2025.05.11"]
[Round "9"]
[White "Zelba, Lukas"]
[Black "Dudarec, Elias"]
[Result "1-0"]
[WhiteElo "2121"]
[BlackElo "1907"]
[PlyCount "71"]
[EventDate "2025.05.06"]
[EventType "swiss"]
[EventRounds "9"]
[EventCountry "CZE"]
[SourceTitle "CB20_2025"]
[SourceDate "2025.05.14"]
[SourceVersion "1"]
[SourceVersionDate "2025.05.14"]
[SourceQuality "1"]

1. e4 e5 2. Nf3 Nc6 3. d4 exd4 4. Nxd4 Bc5 5. Nb3 Bb6 6. Nc3 Nf6 7. Bg5 d6 8. Qe2 Be6 9. Nd5 h6 10. Bxf6 gxf6 11. 0-0-0 a5 12. Nxb6 cxb6 13. Nd4 Nxd4 14. Rxd4 Qc7 15. Qb5+ Ke7 16. Rd3 Qc5 17. Qxc5 bxc5 18. a4 f5 19. exf5 Bxf5 20. Rb3 Rab8 21. Bc4 Rhg8 22. Re1+ Be6 23. Rbe3 Rg6 24. f4 Kd7 25. f5 Bxf5 26. Re7+ Kc6 27. Rxf7 Bc8 28. g3 d5 29. Bb5+ Kb6 30. Rf8 Kc7 31. Re7+ Kd6 32. Ree8 Kc7 33. Rf7+ Kd6 34. Rd8+ Ke6 35. Rff8 Rf6 36. Rfe8+ 1-0

[Event "CZE-ch Amateurs Blitz"]
[Site "Hluk"]
[Date "2025.05.09"]
[Round "1"]
[White "Borecky, Andrej"]
[Black "Zelba, Lukas"]
[Result "0-1"]
[WhiteElo "1753"]
[BlackElo "2116"]
[PlyCount "48"]
[EventDate "2025.05.09"]
[EventType "swiss (blitz)"]
[EventRounds "13"]
[EventCountry "CZE"]
[SourceTitle "CB20_2025"]
[SourceDate "2025.05.14"]
[SourceVersion "1"]
[SourceVersionDate "2025.05.14"]
[SourceQuality "1"]

1. d4 d5 2. c4 e6 3. Nc3 c6 4. Nf3 dxc4 5. e4 b5 6. a4 Bb4 7. Be2 Nf6 8. Bg5 h6 9. Bxf6 Qxf6 10. 0-0 0-0 11. e5 Qe7 12. axb5 Bxc3 13. bxc3 cxb5 14. Qc2 Bb7 15. Rfb1 a6 16. Nd2 Bd5 17. Ne4 Nd7 18. Nd6 f6 19. f4 fxe5 20. fxe5 Bxg2 21. Kxg2 Qg5+ 22. Kh1 Rf2 23. Bf3 Rxc2 24. Bxa8 Qd2 0-1

[Event "CZE-ch Amateurs Blitz"]
[Site "Hluk"]
[Date "2025.05.09"]
[Round "13"]
[White "Topencik, Bruno"]
[Black "Zelba, Lukas"]
[Result "1-0"]
[WhiteElo "2033"]
[BlackElo "2116"]
[PlyCount "73"]
[EventDate "2025.05.09"]
[EventType "swiss (blitz)"]
[EventRounds "13"]
[EventCountry "CZE"]
[SourceTitle "CB20_2025"]
[SourceDate "2025.05.14"]
[SourceVersion "1"]
[SourceVersionDate "2025.05.14"]
[SourceQuality "1"]

1. Nf3 d5 2. b3 Bf5 3. Bb2 e6 4. g3 Nf6 5. Bg2 c5 6. e3 Nc6 7. 0-0 h5 8. d3 Bd6 9. Nbd2 Bg4 10. h3 Bf5 11. Re1 e5 12. e4 Be6 13. exd5 Bxd5 14. Nc4 Qc7 15. Nxd6+ Qxd6 16. Nxe5 0-0-0 17. Nxc6 Qxc6 18. Bxf6 Qxf6 19. Bxd5 Rxd5 20. Qe2 h4 21. g4 Qc6 22. Qf3 f5 23. c4 Rd7 24. Qxf5 Kb8 25. Qe4 Qxe4 26. dxe4 Rd2 27. Kf1 Rf8 28. Re2 Rd3 29. Kg2 Kc7 30. Rae1 Kd7 31. Re3 Rd4 32. R1e2 Ke6 33. Rf3 Rxf3 34. Kxf3 Ke5 35. g5 Rd8 36. Kg4 Rh8 37. f4+ 1-0

[Event "CZE-ch Amateurs Blitz"]
[Site "Hluk"]
[Date "2025.05.09"]
[Round "6"]
[White "Zelba, Lukas"]
[Black "Policar, Martin"]
[Result "1-0"]
[WhiteElo "2116"]
[BlackElo "1832"]
[PlyCount "35"]
[EventDate "2025.05.09"]
[EventType "swiss (blitz)"]
[EventRounds "13"]
[EventCountry "CZE"]
[SourceTitle "CB20_2025"]
[SourceDate "2025.05.14"]
[SourceVersion "1"]
[SourceVersionDate "2025.05.14"]
[SourceQuality "1"]

1. e4 c6 2. d4 d5 3. e5 Bf5 4. h4 h5 5. Bd3 Bxd3 6. Qxd3 e6 7. Bg5 Be7 8. Nf3 Nd7 9. c4 dxc4 10. Qxc4 Nb6 11. Qb3 Bxg5 12. hxg5 g6 13. Nc3 Qc7 14. a4 Nd5 15. Ne4 0-0-0 16. a5 Kb8 17. Nc5 Nge7 18. Na6+ 1-0

[Event "CZE-ch Amateurs Blitz"]
[Site "Hluk"]
[Date "2025.05.09"]
[Round "4"]
[White "Zelba, Lukas"]
[Black "Sknouril, Jakub"]
[Result "1-0"]
[WhiteElo "2116"]
[BlackElo "1904"]
[PlyCount "62"]
[EventDate "2025.05.09"]
[EventType "swiss (blitz)"]
[EventRounds "13"]
[EventCountry "CZE"]
[SourceTitle "CB20_2025"]
[SourceDate "2025.05.14"]
[SourceVersion "1"]
[SourceVersionDate "2025.05.14"]
[SourceQuality "1"]

1. e4 e5 2. Nf3 Nc6 3. d4 exd4 4. Nxd4 Qh4 5. Nc3 Bb4 6. Ndb5 Ba5 7. Bd3 a6 8. g3 Qe7 9. Na3 b5 10. 0-0 b4 11. Nd5 Qd8 12. Nc4 Nge7 13. Bg5 f6 14. Nxf6+ Kf7 15. Nd5 h6 16. Bxe7 Nxe7 17. Nxe7 Qxe7 18. Nxa5 Rf8 19. Qh5+ Kg8 20. Qd5+ Kh8 21. Qxa8 c6 22. Qa7 Qg5 23. Nb3 d5 24. Qe3 Qh5 25. exd5 cxd5 26. Rfe1 Bh3 27. Bf1 Bg4 28. Bg2 Qf5 29. Nd4 Qf6 30. c3 bxc3 31. bxc3 Bd7 1-0

[Event "CZE-ch U16"]
[Site "Harrachov"]
[Date "2024.10.29"]
[Round "5"]
[White "Zelba, Lukas"]
[Black "Mauder, Karel"]
[Result "1/2-1/2"]
[WhiteElo "2060"]
[BlackElo "1822"]
[PlyCount "26"]
[EventDate "2024.10.26"]
[EventType "swiss"]
[EventRounds "9"]
[EventCountry "CZE"]
[SourceTitle "CB45_2024"]
[Source "ChessBase"]
[SourceDate "2024.11.06"]
[SourceVersion "1"]
[SourceVersionDate "2024.11.06"]
[SourceQuality "1"]

1. d4 Nf6 2. Bf4 d5 3. e3 Bf5 4. c4 e6 5. Nc3 Bd6 6. Bxd6 Qxd6 7. Qb3 0-0 8. Nf3 b6 9. Be2 c6 10. 0-0 Nbd7 11. Rac1 Rfe8 12. Rfd1 h6 13. h3 Rac8 1/2-1/2

[Event "CZE-ch U16"]
[Site "Harrachov"]
[Date "2024.10.28"]
[Round "3"]
[White "Zelba, Lukas"]
[Black "Jakubse, Tamae Severina"]
[Result "1/2-1/2"]
[WhiteElo "2060"]
[BlackElo "1868"]
[PlyCount "27"]
[EventDate "2024.10.26"]
[EventType "swiss"]
[EventRounds "9"]
[EventCountry "CZE"]
[SourceTitle "CB45_2024"]
[Source "ChessBase"]
[SourceDate "2024.11.06"]
[SourceVersion "1"]
[SourceVersionDate "2024.11.06"]
[SourceQuality "1"]

1. e4 e5 2. Nf3 Nc6 3. Bc4 Nf6 4. d3 Bc5 5. Bg5 d6 6. c3 a6 7. 0-0 h6 8. Bh4 g5 9. Bg3 Ba7 10. d4 Qe7 11. dxe5 dxe5 12. Bd5 Nd7 13. Nbd2 Nd8 14. Bb3 1/2-1/2

[Event "CZE-ch U16"]
[Site "Harrachov"]
[Date "2024.10.26"]
[Round "1"]
[White "Zelba, Lukas"]
[Black "Jirman, Jonas"]
[Result "1-0"]
[WhiteElo "2060"]
[BlackElo "1760"]
[PlyCount "87"]
[EventDate "2024.10.26"]
[EventType "swiss"]
[EventRounds "9"]
[EventCountry "CZE"]
[SourceTitle "CB45_2024"]
[Source "ChessBase"]
[SourceDate "2024.11.06"]
[SourceVersion "1"]
[SourceVersionDate "2024.11.06"]
[SourceQuality "1"]

1. d4 d5 2. Bf4 Nf6 3. e3 c5 4. c3 Nc6 5. Nd2 Qb6 6. Qb3 c4 7. Qc2 g6 8. e4 e6 9. h3 Bd7 10. e5 Nh5 11. Bg5 Be7 12. Bh6 Bf8 13. Bg5 Be7 14. Bh6 Bf8 15. Be3 Qa5 16. Be2 Ng7 17. Ngf3 b5 18. b4 Qb6 19. a4 Nf5 20. a5 Qd8 21. g4 Nxe3 22. fxe3 Bh6 23. Kf2 f6 24. exf6 Qxf6 25. h4 Bg7 26. Raf1 e5 27. Kg2 Bxg4 28. Ng5 Bf5 29. e4 dxe4 30. d5 Nd8 31. Ndxe4 Qe7 32. Rxf5 gxf5 33. Bh5+ Kf8 34. Nc5 e4 35. Qf2 h6 36. d6 Qxd6 37. Qxf5+ Bf6 38. Ngxe4 Rg8+ 39. Kf2 Qc6 40. Qxf6+ Qxf6+ 41. Nxf6 Rg7 42. Re1 Rc7 43. Ncd7+ Kg7 44. Rg1+ 1-0